Cities of Countries #2 - Statistics

General Stats
  • This quiz has been taken 25 times
  • The average score is 15 of 20
Answer Stats
Hint Answer % Correct
Prague Czech Republic
100%
Istanbul Turkey
100%
Kobe Japan
91%
Brisbane Australia
86%
Wuhan China
86%
Palermo Italy
86%
Tangier Morocco
82%
Zaragoza Spain
82%
San Jose Costa Rica / United States
77%
Brest France / Belarus
77%
Thessaloniki Greece
77%
Chennai India
73%
Busan South Korea
73%
Aleppo Syria
68%
San Juan United States
64%
Tegucigalpa Honduras
59%
Manama Bahrain
55%
Kazan Russia
50%
Ramallah Palestine
41%
Benin City Nigeria
36%
No matching quizzes found
Score Distribution
Percent of People with Each Score
Percentile by Number Answered
Your Score History
You have not taken this quiz